书目信息 |
| 题名: |
上网无忧
|
|
| 作者: | 骆坚 , 尉红艳 , 黄勇 编著 | |
| 分册: | ||
| 出版信息: | 北京 人民邮电出版社 2007.01 |
|
| 页数: | 310页 | |
| 开本: | 26cm | |
| 丛书名: | ||
| 单 册: | ||
| 中图分类: | TP393.4 | |
| 科图分类: | ||
| 主题词: | 因特网--yin te wang--基本知识 | |
| 电子资源: | ||
| ISBN: | 7-115-15412-0 | |
| 000 | 00939nam0 2200253 450 | |
| 001 | 012007420078 | |
| 005 | 20070428101031.54 | |
| 010 | @a7-115-15412-0@dCNY29.80 | |
| 100 | @a20070106d2007 km y0chiy0120 ea | |
| 101 | 0 | @achi |
| 102 | @aCN@b110000 | |
| 105 | @aa z 000yy | |
| 200 | 1 | @a上网无忧@Ashang wang wu you@e新手实战博客、RSS、播客、IPTV@f黄勇, 骆坚, 尉红艳编著@Fhuang yong,luo jian,wei hong yan bian zhu |
| 210 | @a北京@c人民邮电出版社@d2007.01 | |
| 215 | @a310页@c图@d26cm | |
| 330 | @a本书共分11章,全面讲述了Google(谷歌)——Web2.0风向标、Blog(博客)——Web2.0时代的个人信息门户夫人等。 | |
| 517 | 1 | @a新手实战博客、RSS、播客、IPTV@Axin shou shi zhan bo ke、RSS、bo ke、IPTV |
| 606 | 0 | @a因特网@Ayin te wang@x基本知识 |
| 690 | @aTP393.4@v4 | |
| 701 | 0 | @a骆坚@Aluo jian@4编著 |
| 701 | 0 | @a尉红艳@Awei hong yan@4编著 |
| 701 | 0 | @a黄勇@Ahuang yong@4编著 |
| 801 | 0 | @aCN@c20070428 |
| 905 | @a10447@dTP393.4@eH912 | |
| 上网无忧:新手实战博客、RSS、播客、IPTV/黄勇, 骆坚, 尉红艳编著.-北京:人民邮电出版社,2007.01 |
| 310页:图;26cm |
| ISBN 7-115-15412-0:CNY29.80 |
| 本书共分11章,全面讲述了Google(谷歌)——Web2.0风向标、Blog(博客)——Web2.0时代的个人信息门户夫人等。 |
| ● |
| 相关链接 |
|
|
|
正题名:上网无忧
索取号:TP393.4/H912
 
预约/预借
| 序号 | 登录号 | 条形码 | 馆藏地/架位号 | 状态 | 备注 |
| 1 | 235715 | 202357154 | 自科库301/301自科库 133排2列4层/ [索取号:TP393.4/H912] | 在馆 | |
| 2 | 235716 | 202357163 | 期刊室512/301自科库 133排2列4层/ [索取号:TP393.4/H912] | 在馆 |